Представление документа в формате MARC21

Поле Инд. ПП Название Значение
Тип записи a
Библиографический уровень b
001 Контрольный номер RU/IS/BASE/264553517
005 Дата корректировки 20200618185518.2
008 Кодируемые данные 19960828
084 a Индекс другой классификации/Индекс ББК 83.3(2=411.2)53
097 00 a 750
100 10 a Автор Пьяных М. Ф.
q Полное имя Пьяных Михаил Федорович
245 00 a Заглавие Трагический Есенин
600 a Персоналии Есенин Сергей Александрович
650 a Основная рубрика история литературы
a Основная рубрика литературоведение
a Основная рубрика филологические науки
653 00 a Ключевые слова XX век
a Ключевые слова поэзия
a Ключевые слова поэты
a Ключевые слова Россия
a Ключевые слова русская литература
773 00 t Заглавие источника Нева
d Дата издания источника 1995
g Прочая информация № 10. - С. 175 - 182
w Контрольный № источника RU/IS/BASE/409763223
901 t Тип документа b